header

Pliny the Elder (Record no. 115214)

MARC details
000 -LEADER
fixed length control field 02209nam a2200349 a 4500
082 04 - DEWEY DECIMAL CLASSIFICATION NUMBER
Classification number 500
245 00 - TITLE STATEMENT
Title Pliny the Elder
260 ## - PUBLICATION, DISTRIBUTION, ETC. (IMPRINT)
Place of publication Leiden ;
-- Boston :
Name of publisher Brill,
Year of publication 2011.
300 ## - PHYSICAL DESCRIPTION
Number of Pages xiv, 248 p.
490 1# - SERIES STATEMENT
Series statement Mnemosyne supplements. Monographs on Greek and Latin language and literature,
505 0# - FORMATTED CONTENTS NOTE
Formatted contents note Pliny the Elder's attitude to warfare / Rhiannon Ash -- Roman's burden / Andrew Fear -- Luxury and the creation of a good consumer / Eugenia Lao -- Imperialism, mirabilia, and knowledge: some paradoxes in the Naturalis historia / Valerie Naas -- Curious eye of the Elder Pliny / Mary Beagon -- Philosophy and science in the Elder Pliny's Naturalis historia / Ernesto Paparazzo -- Science and aesthetics of names in the Naturalis historia / Aude Doody -- Pliny on Apion / Cynthia Damon -- Pliny and the encyclopaedic addressee / Ruth Morello -- Encylcopaedic exemplarity in Pliny the Elder / Clemence Schultze -- Elder and better: the Naturalis historia and the letters of the younger Pliny / Roy K. Gibson -- Vita Plinii / Michael Reeve.
700 1# - ADDED ENTRY--PERSONAL NAME
Personal name Gibson, Roy K.
Personal name Morello, Ruth.
856 40 - ELECTRONIC LOCATION AND ACCESS
Uniform Resource Identifier http://site.ebrary.com/lib/rucke/Doc?id=10470659

No items available.

© 2026 Rongo University
Contact us: librarian | system librarian | Rongo university